| 000 | 00577cam a22001935a 4500 | ||
|---|---|---|---|
| 001 | L155485 | ||
| 008 | 120326s1811 xxk f 000 0 eng d | ||
| 035 | _a(Sirsi) u155485 | ||
| 041 | 0 | _aeng | |
| 100 | 1 | _aHudson, R. | |
| 245 | 0 | 4 | _aThe Land Valuer's Assistant: being tables ... for calculating the value of Estates |
| 250 | _aNew edition, etc. | ||
| 260 |
_aLondon _bC. Cradock and W. Joy _c1811 |
||
| 300 |
_a100 p. _cobl. 8o |
||
| 583 |
_aCondition reviewed _c20120620 _lcondition level 4 |
||
| 651 | 4 |
_aGreat Britain _y1707- |
|
| 690 |
_aValuation _96273 |
||
| 942 | _n0 | ||
| 999 |
_c113597 _d113597 |
||